000 00564pab a2200181 454500
008 180718b1999 xxu||||| |||| 00| 0 eng d
100 _aDeshpande, Sudha
245 _aEmerging urban labour market for women in urban slums: a tale of three slums in Mumbai
260 _c1999
300 _ap.651-74
362 _aOct-Dec
650 _aLabour market - India - Maharashtra
650 _aSlums - India - Maharashtra
650 _aWomen workers - India - Maharashtra
650 _aWomen workers
773 _aIndian Journal of Labour Economics
909 _a43378
999 _c43378
_d43378